| 000 | 00638nam a22002177a 4500 | ||
|---|---|---|---|
| 003 | BUBTL | ||
| 008 | 210928b ||||| |||| 00| 0 eng d | ||
| 020 | _a9783250151098 | ||
| 082 | _a346.420438/ H2757t/ 2017 | ||
| 100 |
_94226 _aHassan, Mehedi |
||
| 245 |
_aA Textbook on Registration Act / _c Mehedi Hassan |
||
| 250 | _a1st ed. | ||
| 260 |
_aDhaka : _bNational Law Book House, _cc2017. |
||
| 300 |
_a400 p. : _c22 cm. |
||
| 505 | _a Registration Act, Mehedi Hassan, Law | ||
| 526 | _aLaw | ||
| 650 | 0 |
_926 _aLaw |
|
| 856 |
_k0 _l0 _yDownload |
||
| 942 |
_2ddc _cBK |
||
| 999 |
_c6543 _d6543 |
||